书目信息 |
| 题名: |
八十天环游地球
|
|
| 作者: | 凡尔纳 著 ;刘伟 缩写 | |
| 分册: | ||
| 出版信息: | 天津 天津人民出版社 2003.12 |
|
| 页数: | 167页 | |
| 开本: | 21cm | |
| 丛书名: | 世界文学名著少年必读丛书 | |
| 单 册: | ||
| 中图分类: | I565.44 | |
| 科图分类: | ||
| 主题词: | 科学幻想小说--ke xue huan xiang xiao shuo--法国--现代--缩写本 | |
| 电子资源: | ||
| ISBN: | 978-7-201-04651-8 | |
| 000 | 01225nam 2200265 450 | |
| 001 | 012008681659 | |
| 005 | 20080510145631.72 | |
| 010 | @a978-7-201-04651-8@dCNY12.80 | |
| 100 | @a20080510d2003 em y0chiy0120 ea | |
| 101 | 1 | @achi@cfre |
| 102 | @aCN@b120000 | |
| 105 | @aa z 000ay | |
| 106 | @ar | |
| 200 | 1 | @a八十天环游地球@Aba shi tian huan you di qiu@f(法) 儒勒·凡尔纳著@F(fa)ru le·fan er na zhu@g刘伟缩写@Gliu wei suo xie |
| 210 | @a天津@c天津人民出版社@d2003.12 | |
| 215 | @a167页@c图@d21cm | |
| 225 | 2 | @a世界文学名著少年必读丛书@Ashi jie wen xue ming zhu shao nian bi du cong shu |
| 330 | @a该书讲述了一位英国绅士福克因在伦敦改良俱乐部同牌友们打赌,而从伦敦出发,用八十天的时间环游地球一周的故事。本套“世界文学名著青少年必读丛书”在精选的书目上花了不少功夫,然后又由一批浸润文学已久的作者进行缩写。这种缩写,既要忠实于原著,又要以浅显简洁的形态让广大兴趣各异的学生都能够轻松地阅读,快乐的品赏。 | |
| 410 | 0 | @12001 @a世界文学名著少年必读丛书 |
| 606 | 0 | @a科学幻想小说@Ake xue huan xiang xiao shuo@y法国@z现代@j缩写本 |
| 690 | @aI565.44@v4 | |
| 701 | 1 | @a凡尔纳@Afan er na@g(Verne, Jules)@4著 |
| 702 | 0 | @a刘伟@Aliu wei@4缩写 |
| 801 | 0 | @aCN@bQSSK@c20080510 |
| 905 | @b709608-10@dI565.44@eF048@f3 | |
| 八十天环游地球/(法) 儒勒·凡尔纳著/刘伟缩写.-天津:天津人民出版社,2003.12 |
| 167页:图;21cm.-(世界文学名著少年必读丛书) |
| ISBN 978-7-201-04651-8:CNY12.80 |
| 该书讲述了一位英国绅士福克因在伦敦改良俱乐部同牌友们打赌,而从伦敦出发,用八十天的时间环游地球一周的故事。本套“世界文学名著青少年必读丛书”在精选的书目上花了不少功夫,然后又由一批浸润文学已久的作者进行缩写。这种缩写,既要忠实于原著,又要以浅显简洁的形态让广大兴趣各异的学生都能够轻松地阅读,快乐的品赏。 |
| ● |
| 相关链接 |
|
|
|
正题名:八十天环游地球
索取号:I565.44/F048
 
预约/预借
| 序号 | 登录号 | 条形码 | 馆藏地/架位号 | 状态 | 备注 |
| 1 | 709608 | 207096088 | 社科二线400B/400B社科库 27排1列1层/ [索取号:I565.44/F048] | 在馆 | |
| 2 | 709609 | 207096097 | 社科二线400B/116文学库 23排3列5层/ [索取号:I565.44/F048] | 在馆 | |
| 3 | 709610 | 207096104 | 社科二线400B/116文学库 23排3列5层/ [索取号:I565.44/F048] | 在馆 |